Ilusões = Illusions = Ilusiones (Record no. 914)
[ view plain ]
| 000 -LEADER | |
|---|---|
| campo de control de longitud fija | 01263nam a22002777a 4500 |
| 008 - DATOS DE LONGITUD FIJA--INFORMACIÓN GENERAL | |
| campo de control de longitud fija | 160525b xxu||||| |||| 00| 0 eng d |
| 082 ## - NÚMERO DE LA CLASIFICACIÓN DECIMAL DEWEY | |
| Número de clasificación | 708 |
| Número de ítem | D224i |
| 100 ## - ENTRADA PRINCIPAL--NOMBRE DE PERSONA | |
| Nombre de persona | Hans-Michael Herzog; Katrin Steffen; |
| 9 (RLIN) | 5012 |
| 110 ## - ENTRADA PRINCIPAL--NOMBRE DE ENTIDAD CORPORATIVA | |
| Nombre de entidad corporativa o nombre de jurisdicción como elemento de entrada | Casa Daros (Rio de Janeiro, Brazil) |
| 9 (RLIN) | 5013 |
| 245 ## - MENCIÓN DEL TÍTULO | |
| Título | Ilusões = Illusions = Ilusiones |
| Mención de responsabilidad, etc. | Hans-Michael Herzog; Katrin Steffen; Casa Daros (Rio de Janeiro, Brazil) |
| 260 ## - PUBLICACIÓN, DISTRIBUCIÓN, ETC. | |
| Lugar de publicación, distribución, etc. | Rio de Janeiro |
| Nombre del editor, distribuidor, etc. | Daros Latinamerica AG : Casa Daros |
| Fecha de publicación, distribución, etc. | 2014 |
| 300 ## - DESCRIPCIÓN FÍSICA | |
| Extensión | 40 unnumbered pages |
| Otras características físicas | illustrations (some color) |
| Dimensiones | 21 cm |
| 505 ## - NOTA DE CONTENIDO CON FORMATO | |
| Título | Luis Camnitzer -- |
| -- | Los Carpinteros -- |
| -- | José Damasceno -- |
| -- | Mauricio Alejo -- |
| -- | Leandro Erlich -- |
| -- | Liliana Porter -- |
| -- | Teresa Serrano -- |
| -- | Fernando Pareja & Leidy Chavez - |
| -- | José Toirac. |
| 650 ## - PUNTO DE ACCESO ADICIONAL DE MATERIA--TÉRMINO DE MATERIA | |
| Término de materia o nombre geográfico como elemento de entrada | Exhibicones |
| Subdivisión de forma | Percepción - Representación |
| Subdivisión general | arte latinoamericano |
| 9 (RLIN) | 5014 |
| 700 ## - ENTRADA AGREGADA--NOMBRE PERSONAL | |
| Nombre de persona | Hans-Michael Herzog |
| 9 (RLIN) | 5015 |
| 700 ## - ENTRADA AGREGADA--NOMBRE PERSONAL | |
| Nombre de persona | Katrin Steffen |
| 9 (RLIN) | 5016 |
| 700 ## - ENTRADA AGREGADA--NOMBRE PERSONAL | |
| Nombre de persona | Luis Camnitzer -- |
| 9 (RLIN) | 5017 |
| 700 ## - ENTRADA AGREGADA--NOMBRE PERSONAL | |
| Nombre de persona | Los Carpinteros -- |
| 9 (RLIN) | 5018 |
| 700 ## - ENTRADA AGREGADA--NOMBRE PERSONAL | |
| Nombre de persona | José Damasceno -- |
| 9 (RLIN) | 5019 |
| 700 ## - ENTRADA AGREGADA--NOMBRE PERSONAL | |
| Nombre de persona | Mauricio Alejo -- |
| 9 (RLIN) | 5020 |
| 700 ## - ENTRADA AGREGADA--NOMBRE PERSONAL | |
| Nombre de persona | Leandro Erlich -- |
| 9 (RLIN) | 5021 |
| 700 ## - ENTRADA AGREGADA--NOMBRE PERSONAL | |
| Nombre de persona | Liliana Porter -- |
| 9 (RLIN) | 5022 |
| 700 ## - ENTRADA AGREGADA--NOMBRE PERSONAL | |
| Nombre de persona | Teresa Serrano -- |
| 9 (RLIN) | 5023 |
| 700 ## - ENTRADA AGREGADA--NOMBRE PERSONAL | |
| Nombre de persona | Fernando Pareja & Leidy Chavez - |
| 9 (RLIN) | 5024 |
| 700 ## - ENTRADA AGREGADA--NOMBRE PERSONAL | |
| Nombre de persona | José Toirac. |
| 9 (RLIN) | 5025 |
| Estatus retirado | Estado de pérdida | Fuente del sistema de clasificación o colocación | Estado de daño | No para préstamo | Biblioteca de origen | Biblioteca actual | Ubicación en estantería | Fecha de adquisición | Total de préstamos | Signatura topográfica completa | Código de barras | Visto por última vez | Precio de reemplazo | Tipo de ítem Koha |
|---|---|---|---|---|---|---|---|---|---|---|---|---|---|---|
| Clasificación Decimal Dewey | Biblioteca LadoV | Biblioteca LadoV | 25/05/2016 | 708 D224i | 004189 | 25/05/2016 | 25/05/2016 | Material 01 |
